Female Great Office of State holders - Statistics

General Stats
  • This quiz has been taken 15 times
    4 since last reset
  • The average score is 9 of 11
Answer Stats
Party First Term Offices Answer % Correct
Conservative 2021 - 2022 Foreign Secretary, Prime Minister Liz Truss
100%
Conservative 1979 - 1990 Prime Minister Margaret Thatcher
100%
Conservative 2019 - 2022 Home Secretary Priti Patel
100%
Labour 2024- Chancellor of the Exchequer Rachel Reeves
100%
Conservative 2022 Home Secretary Suella Braverman
100%
Conservative 2010 - 2016 Home Secretary, Prime Minister Theresa May
100%
Conservative 2016 - 2018 Home Secretary Amber Rudd
75%
Labour 2024- Home Secretary, Foreign Secretary Yvette Cooper
75%
Labour 2007 - 2009 Home Secretary Jacqui Smith
50%
Labour 2006 - 2007 Foreign Secretary Margaret Beckett
25%
Labour 2025- Home Secretary Shabana Mahmood
25%
No matching quizzes found
Score Distribution
Percent of People with Each Score
Percentile by Number Answered
Your Score History
You have not taken this quiz since the last reset